| 000 | 00884nam a2200265 i 4500 | ||
|---|---|---|---|
| 001 | bg | ||
| 100 | 1 |
_aFlakiewicz, Wiesław _d(1926-2001). |
|
| 245 | 1 | 0 |
_aPojęcie informacji w technologii multimedialnej / _cWiesław Flakiewicz. |
| 260 |
_aWarszawa : _bSzkoła Główna Handlowa. Oficyna Wydawnicza, _c2005. |
||
| 300 |
_a105 s. : _bil. ; _c25 cm. |
||
| 504 | _aBibliogr. przy częściach. | ||
| 546 | _aWstęp, spis treści także ang. | ||
| 650 | 9 |
_aMultimedia _xteoria |
|
| 650 | 9 | _aTeoria informacji | |
| 655 | _aPodręczniki akademickie | ||
| 020 | _a8373781153 | ||
| 040 | _cBPK | ||
| 041 | 0 |
_apol _beng |
|
| 044 | _aPOL | ||
| 080 | _a659.3:002:519.72:004.032.6](075.8) | ||
| 920 | _a83-7378-115-3 | ||
| 942 | _cKS | ||
| 008 | s pl f |000 0 pol | ||
| 999 |
_c55282 _d55282 |
||
| 856 |
_uhttp://koha.tu.koszalin.pl/cgi-bin/koha/opac-detail.pl?biblionumber=55282 _yKatalog online BPK |
||